Campeones de la Champions League! - Muerte súbita - Estadísticas

Estadísticas generales
  • Esta prueba ha sido intentada 1.354 veces
    409 desde el último reinicio
  • La puntuación promedio es 19 de 24
Answers on the Grid
Answers color-coded by a green-red scale on the quiz's grid according to % correct below.
Benfica FC
Atlético de Madrid
Inter Milan
Athletic Club
AC Milan
Celtic FC
Bayer Leverkusen
Manchester United
Feyenoord
Ajax FC
Napoli
Liverpool
Aston Villa
Olympique de Lyon
Juventus FC
PSV Eindhoven
Estrella Roja
West Ham United
Olympique de Marsella
Borussia Dortmund
Chelsea FC
Tottenham Hotspur FC
Manchster City
RB Leipzig
Hamburgo
Real Madrid CF
AS Roma
Steaua de Bucarest
Valencia CF
Bayern Munich
Nottingham Forest
PSG
FC Oporto
FC Barcelona
Arsenal FC
 
Estadísticas de respuestas
Respuesta % Correcto
AC Milan
94%
Inter Milan
93%
Manchester United
91%
Liverpool
87%
Ajax FC
85%
Benfica FC
85%
Chelsea FC
84%
Juventus FC
84%
Real Madrid CF
82%
Bayern Munich
81%
FC Barcelona
81%
Manchster City
80%
Estrella Roja
78%
Celtic FC
77%
PSG
77%
Aston Villa
74%
FC Oporto
74%
Borussia Dortmund
73%
Nottingham Forest
73%
Olympique de Marsella
72%
Feyenoord
71%
PSV Eindhoven
69%
Steaua de Bucarest
67%
Hamburgo
63%
No se encontraron pruebas coincidentes
Distribución de puntuación
Porcentaje de gente con cada puntuación
Porcentaje por número respondido
Historial de tus puntuaciones
No has intentado esta prueba desde el último reinicio